| 000 | 00867nam1a22002411i 4500 | ||
|---|---|---|---|
| 001 | rc\3824347 | ||
| 005 | 20240726045337.0 | ||
| 035 | _a(NLR Aleph) 007272408 | ||
| 090 |
_a5423416 _c5423416 |
||
| 100 | _a20120410d1976 |||y0rusy50 ca | ||
| 101 | 0 | _arus | |
| 102 |
_aRU _aRU |
||
| 105 | _a z ||||| | ||
| 200 | 1 |
_aЧисленные методы решения задач теории упругости и пластичности _eМатериалы IV Всесоюз. конф. _fПод ред. А.Н. Коновалова _gАН СССР. Сиб. отд-ние. ВЦ |
|
| 210 |
_aНовосибирск _cБ. и. _d1976 |
||
| 215 | _d21 | ||
| 320 | _aБиблиогр. в конце докл. | ||
| 702 | 1 |
_aКоновалов _bА.Н. _4340 |
|
| 801 | 0 |
_aRU _bNLR _gpsbo |
|
| 801 | 1 |
_aRU _bELAR _2rusmarc |
|
| 852 |
_aNLR _j78-3/1897 |
||
| 942 | _cBOOK | ||